New world - ATEEZ - Statistics

General Stats
  • This quiz has been taken 4 times
  • The average score is 163 of 238
Answer Stats
Hint Answer % Correct
can
100%
cant
100%
hello
100%
i
100%
new
100%
see
100%
to
100%
up
100%
world
100%
you
100%
a
67%
are
67%
do
67%
eyes
67%
it
67%
its
67%
me
67%
no
67%
now
67%
oh
67%
open
67%
the
67%
this
67%
we
67%
your
67%
all
33%
changing
33%
nal mitgo come
33%
(adlib) ooh | oooh dont
33%
feel
33%
fight
33%
fix
33%
(MG)
jogeumahan bulbitteuri da
igoseul dwieopdeushi hae
sumjugyeo bwawatteon geol bwa
nun ape pyeolchyeojigie
umjigyeo
follow
33%
for
33%
glory
33%
going
33%
hahaha
33%
hesitating
33%
hide
33%
how
33%
hurricane
33%
just
33%
knows
33%
like
33%
make
33%
mind
33%
night
33%
on
33%
one
33%
saeroun segyereul junbihae
deuridakchil sunganeul gidae
widaehan yeojeonge gisereul gahae
nun bureuptteugo Divehae
yeoljeongeul
popping
33%
right?
33%
storm
33%
time
33%
touch
33%
yeoksaye peijireul bakkuji
ileona mangseoliji malgo
nae soneul japa eoseo
uh
33%
victory
33%
waiting
33%
(YH) millyeooneun pado gateun bit wake
33%
we're
33%
where
33%
(JH and YS)
pokpung gateun umjigimeul bwa
(SH)
nuneul tteo jinshildeulgwa majuhal ttae
biroso sesangeun bakkwil su isseo
| (SN)
yeonghone sorireul deureo
keodaran i ullim
why
33%
(HJ)
eodumi geochil ttaeneun
han julgi bichimyeon chungbunhaji
geujeo nareul ttareugil | oo~ wooo | shinsegyega nunape (MG) got dagaol i shidae
yeah
33%
No matching quizzes found
Score Distribution
Percent of People with Each Score
Percentile by Number Answered
Your Score History
You have not taken this quiz